[Event "Michigan Masters/Experts Championship"]
[Site "Grand Rapids, Mich."]
[Date "1998.01.10"]
[Round "2"]
[White "Moody, David"]
[Black "Hartwig, Thomas"]
[Result "1/2-1/2"]
[WhiteElo "2000"]
[BlackElo "2066"]
[PlyCount "74"]
[EventDate "1998.01.10"]

1. e4 c5 2. d4 cxd4 3. c3 dxc3 4. Nxc3 Nc6 5. Nf3 d6 6. Bc4 a6 7. O-O Nf6 8.
Qe2 Bg4 9. e5 dxe5 10. Nxe5 Nxe5 11. Qxe5 Rc8 12. Bb3 Qc7 13. Qd4 e6 14. Bg5
Bc5 15. Qd2 Qd6 16. Qc2 Qe5 17. Bxf6 Qxf6 18. Na4 Qe7 19. Nb6 Bf5 20. Nxc8 Bxc2
21. Nxe7 Bxb3 22. axb3 Kxe7 23. Rac1 b6 24. Rfd1 a5 25. Kf1 h5 26. Ke2 Rh6 27.
Rd3 g5 28. Rcd1 g4 29. Rd7+ Kf8 30. Rc7 Rf6 31. Rxc5 bxc5 32. Ra1 Ke7 33. Rxa5
Kd6 34. b4 Rf4 35. Rxc5 Rxb4 36. Rxh5 Rxb2+ 37. Ke3 f5 1/2-1/2

[Event "Michigan Masters/Experts Championship"]
[Site "Grand Rapids, Mich."]
[Date "1998.01.10"]
[Round "1"]
[White "Moody, David"]
[Black "Calton, Bill"]
[Result "0-1"]
[WhiteElo "2000"]
[BlackElo "2240"]
[PlyCount "42"]
[EventDate "1998.01.10"]

1. e4 Nf6 2. Nc3 d5 3. e5 Ne4 4. Nce2 d4 5. c3 dxc3 6. Qa4+ Nd7 7. Qxe4 Nc5 8.
Qh4 Nd3+ 9. Kd1 cxb2 10. Rb1 bxc1=Q+ 11. Nxc1 Nxe5 12. f4 Ng6 13. Qg3 e6 14.
Nf3 Bd6 15. Nd3 Qf6 16. Nfe5 Nxf4 17. Nc4 Nxd3 18. Nxd6+ cxd6 19. Qxd6 Ne5 20.
Rxb7 Bd7 21. Bb5 Qe7 0-1

[Event "Michigan Masters/Experts"]
[Site "Grand Rapids, MI"]
[Date "1998.01.11"]
[Round "4"]
[White "Hartwig, Thomas"]
[Black "Kamberi, Sonny"]
[Result "1/2-1/2"]
[WhiteElo "2040"]
[BlackElo "2310"]
[PlyCount "88"]
[EventDate "1998.01.??"]

1. e4 e5 2. Nf3 Nf6 3. Nxe5 d6 4. Nf3 Nxe4 5. d4 d5 6. Bd3 Bd6 7. O-O O-O 8. c4
c6 9. Qc2 Na6 10. a3 f5 11. Nc3 Be6 12. cxd5 cxd5 13. Qb3 Kh8 14. Qxb7 Nac5 15.
dxc5 Nxc5 16. Bg5 Nxb7 17. Bxd8 Raxd8 18. Nd4 Bd7 19. Bb5 Na5 20. b4 Be5 21.
Rad1 Nc4 22. Nxd5 Nb2 23. Rd2 Bxd4 24. Bxd7 Rxd7 25. Rxd4 Rfd8 26. Rd2 Nc4 27.
Rc2 Nxa3 28. Ra2 Nb5 29. Ne3 f4 30. Nc4 Rd4 31. Ra5 Nc3 32. Ne5 Rd1 33. Ra1
Ne2+ 34. Kh1 Rxf1+ 35. Rxf1 Rb8 36. Nc6 Rb6 37. Nxa7 Rxb4 38. h3 g5 39. Kh2 Nd4
40. Rc1 Rb2 41. Rc4 Rd2 42. Kg1 f3 43. gxf3 Ne6 44. h4 Nd4 1/2-1/2

[Event "Michigan Masters/Experts Championship"]
[Site "Grand Rapids, Mich."]
[Date "1998.01.11"]
[Round "3"]
[White "Aldrich, Jeff"]
[Black "Moody, David"]
[Result "1-0"]
[WhiteElo "1996"]
[BlackElo "2000"]
[PlyCount "49"]
[EventDate "1998.01.10"]

1. d4 Nf6 2. c4 g6 3. Nc3 Bg7 4. e4 d6 5. f3 O-O 6. Be3 c5 7. d5 e6 8. Qd2 exd5
9. cxd5 a6 10. a4 Nbd7 11. Nh3 Ne5 12. Nf2 Nh5 13. Be2 Qa5 14. g4 Nf6 15. h4 b5
16. h5 Nfd7 17. Bh6 b4 18. Ncd1 c4 19. Bxg7 Kxg7 20. hxg6 hxg6 21. Qh6+ Kf6 22.
f4 Nd3+ 23. Nxd3 cxd3 24. Qh4+ Kg7 25. g5 1-0

[Event "Junior Sponsors"]
[Site "Flint, Mich."]
[Date "1998.03.15"]
[Round "4"]
[White "Randall, Paul"]
[Black "Moody, David"]
[Result "1-0"]
[WhiteElo "2018"]
[BlackElo "1980"]
[PlyCount "37"]
[EventDate "1998.03.15"]

1. d4 Nf6 2. c4 g6 3. Nc3 Bg7 4. e4 d6 5. Bg5 O-O 6. Qd2 c5 7. d5 b5 8. cxb5 a6
9. Nf3 axb5 10. Bxb5 Qa5 11. O-O Nxe4 12. Nxe4 Qxb5 13. Bxe7 Qd7 14. Bxf8 Kxf8
15. Nfg5 h6 16. Nh7+ Ke7 17. Rfe1 Kd8 18. Nhf6 Qf5 19. Ne8 1-0

[Event "Junior Sponsors"]
[Site "Flint, Mich."]
[Date "1998.03.15"]
[Round "1"]
[White "Moody, David"]
[Black "Belill, Mike"]
[Result "1-0"]
[WhiteElo "1980"]
[BlackElo "1418"]
[PlyCount "55"]
[EventDate "1998.03.15"]

1. e4 e5 2. Nf3 Nf6 3. Bc4 Bc5 4. Nxe5 O-O 5. O-O d6 6. Nf3 Nxe4 7. d4 d5 8.
Bd3 Bd6 9. c4 c6 10. Nc3 Nxc3 11. bxc3 Bg4 12. h3 Bh5 13. Re1 Qc7 14. Bxh7+ Kh8
15. Bd3 Nd7 16. c5 Bf4 17. Re7 Rae8 18. Bxf4 Qxf4 19. Rxd7 Re6 20. Qd2 Qb8 21.
Ne5 Rxe5 22. dxe5 Qxe5 23. Re1 Qf6 24. Ree7 g5 25. g4 Qf3 26. gxh5 Qxh5 27. Bf5
g4 28. Qd4+ 1-0

[Event "Junior Sponsors"]
[Site "Flint, Mich."]
[Date "1998.03.15"]
[Round "2"]
[White "Duweck, Mike"]
[Black "Moody, David"]
[Result "0-1"]
[WhiteElo "1446"]
[BlackElo "1980"]
[PlyCount "74"]
[EventDate "1998.03.15"]

1. d4 Nf6 2. c4 g6 3. Nc3 Bg7 4. Nf3 O-O 5. Bg5 d6 6. e3 c5 7. d5 e6 8. Be2
exd5 9. Nxd5 Qa5+ 10. Qd2 Qxd2+ 11. Nxd2 Nxd5 12. cxd5 Re8 13. Nc4 Na6 14. O-O
Nc7 15. Rfd1 b5 16. Nxd6 Re5 17. Nxb5 Nxb5 18. Bxb5 Rxg5 19. Rd2 Bb7 20. Bc6
Bxc6 21. dxc6 Rc8 22. Rad1 Rxc6 23. Rd8+ Bf8 24. R1d7 Ra6 25. Rb8 Kg7 26. Rbb7
Rf5 27. g4 Rff6 28. Kg2 Rxa2 29. h4 Raa6 30. f4 Rab6 31. Rxa7 Rxb2+ 32. Kf3 h5
33. g5 Rf5 34. Rd3 c4 35. Rc3 Rb3 36. Rxc4 Bc5 37. Re4 Bxa7 0-1

[Event "Kalamazoo Mini-Swiss (May)"]
[Site "Kalamazoo, Mich."]
[Date "1998.05.16"]
[Round "3"]
[White "Moody, David"]
[Black "Williams, Kenneth"]
[Result "0-1"]
[WhiteElo "1966"]
[BlackElo "1944"]
[PlyCount "56"]
[EventDate "1998.05.16"]

1. e4 c5 2. d4 cxd4 3. c3 dxc3 4. Nxc3 Nc6 5. Nf3 d6 6. Bc4 a6 7. O-O Nf6 8.
Qe2 Bg4 9. Rd1 e6 10. h3 Bxf3 11. Qxf3 Ne5 12. Qe2 Nxc4 13. Qxc4 Qc8 14. Qe2 b5
15. Bg5 Be7 16. Rac1 Qb8 17. Bf4 O-O 18. e5 dxe5 19. Bxe5 Qb7 20. Bxf6 Bxf6 21.
Ne4 Be7 22. Qf3 Rab8 23. Rd3 Rfc8 24. Rcd1 f5 25. Rd7 Rc7 26. Qb3 Kf8 27. Qxe6
Rxd7 28. Qxf5+ Ke8 0-1

[Event "Kalamazoo Mini-Swiss (May)"]
[Site "Kalamazoo, Mich."]
[Date "1998.05.16"]
[Round "1"]
[White "Moody, David"]
[Black "Treacy, Joseph"]
[Result "1-0"]
[WhiteElo "1966"]
[BlackElo "1664"]
[PlyCount "45"]
[EventDate "1998.05.16"]

1. e4 c5 2. d4 cxd4 3. c3 dxc3 4. Nxc3 Nc6 5. Nf3 d6 6. Bc4 e6 7. O-O Nf6 8.
Qe2 Be7 9. Rd1 O-O 10. e5 Nd7 11. exd6 Bf6 12. Bf4 a6 13. Rac1 b5 14. Bd3 Bb7
15. Ne4 Rc8 16. Nxf6+ Nxf6 17. d7 Rc7 18. Bxc7 Qxc7 19. Nd4 Nxd4 20. Rxc7 Nxe2+
21. Bxe2 Bd5 22. Bf3 Rd8 23. Rc8 1-0

[Event "Kalamazoo Mini-Swiss (May)"]
[Site "Kalamazoo, Mich."]
[Date "1998.05.16"]
[Round "2"]
[White "Beckwith, Stan"]
[Black "Moody, David"]
[Result "0-1"]
[WhiteElo "1717"]
[BlackElo "1966"]
[PlyCount "64"]
[EventDate "1998.05.16"]

1. d4 Nf6 2. c4 g6 3. Nc3 Bg7 4. e4 d6 5. f3 O-O 6. Be3 c5 7. d5 e6 8. Bd3 exd5
9. cxd5 a6 10. a4 Re8 11. Nge2 Nbd7 12. O-O Ne5 13. Rc1 Rb8 14. Kh1 c4 15. Bb1
b5 16. axb5 axb5 17. f4 Neg4 18. Qd2 b4 19. Nd1 Nxe4 20. Bxe4 Rxe4 21. Ng3 Nxh2
22. Nxe4 Nxf1 23. Qf2 Nxe3 24. Nxe3 Qe7 25. Qf3 c3 26. bxc3 bxc3 27. Nc4 Qh4+
28. Kg1 Bd4+ 29. Nf2 Bg4 30. g3 Bxf3 31. gxh4 Bxd5 32. Nxd6 Rb2 0-1

[Event "U.S. Amateur North"]
[Site "Detroit, Mich."]
[Date "1998.05.23"]
[Round "1"]
[White "Sims, Chris"]
[Black "Moody, David"]
[Result "1/2-1/2"]
[WhiteElo "1264"]
[BlackElo "1930"]
[PlyCount "112"]
[EventDate "1998.05.23"]

1. e4 e5 2. Nf3 Nc6 3. Bb5 a6 4. Ba4 Nf6 5. O-O Be7 6. Re1 b5 7. Bb3 O-O 8. c3
d5 9. exd5 Nxd5 10. d3 Bb7 11. Nbd2 Nf4 12. d4 exd4 13. cxd4 Bb4 14. d5 Nxd5
15. Rf1 Nf6 16. a3 Bc5 17. h3 h6 18. Qc2 Bb6 19. Rd1 Nd4 20. Nxd4 Qxd4 21. Nf1
Qe4 22. Qxe4 Nxe4 23. Be3 Bxe3 24. Nxe3 Rfd8 25. Rac1 c5 26. f3 Rxd1+ 27. Nxd1
Nd2 28. Ba2 b4 29. Kf2 b3 30. Bb1 Rd8 31. Ke2 Nxb1 32. Rxb1 a5 33. Nc3 Ba6+ 34.
Ke3 Rd3+ 35. Kf2 Rd2+ 36. Kg3 Bd3 37. Rd1 Rxb2 38. Rxd3 Rc2 39. Nb1 c4 40. Rc3
a4 41. Kf4 Rb2 42. Rxc4 Rxb1 43. Rxa4 Ra1 44. Ra8+ Kh7 45. Rb8 Rxa3 46. g4 Kg6
47. Rb6+ f6 48. Kg3 Kf7 49. h4 Ke7 50. Kf4 Kf7 51. Rb7+ Kg6 52. h5+ Kh7 53. Kf5
b2 54. f4 Ra5+ 55. Ke4 Ra4+ 56. Ke3 Ra3+ 1/2-1/2

[Event "U.S. Amateur North"]
[Site "Detroit, Mich."]
[Date "1998.05.23"]
[Round "2"]
[White "Moody, David"]
[Black "Moton, Michael"]
[Result "1-0"]
[WhiteElo "1930"]
[BlackElo "964"]
[PlyCount "45"]
[EventDate "1998.05.23"]

1. e4 e5 2. Nf3 d6 3. d4 exd4 4. Qxd4 Nf6 5. Nc3 Be7 6. Bg5 Nc6 7. Bb5 Bd7 8.
Bxc6 Bxc6 9. O-O-O O-O 10. Rhe1 Re8 11. e5 dxe5 12. Qxe5 Bd6 13. Qf5 Rxe1 14.
Rxe1 Bxf3 15. Qxf3 b6 16. Nd5 c6 17. Nxf6+ gxf6 18. Bxf6 Qd7 19. Bc3 Kf8 20.
Qf6 Bf4+ 21. Qxf4 Qe7 22. Qh6+ Ke8 23. Qxc6+ 1-0

[Event "U.S. Amateur North"]
[Site "Detroit, Mich."]
[Date "1998.05.23"]
[Round "3"]
[White "McCarter, Robert"]
[Black "Moody, David"]
[Result "0-1"]
[WhiteElo "1631"]
[BlackElo "1930"]
[PlyCount "106"]
[EventDate "1998.05.23"]

1. d4 Nf6 2. Nf3 g6 3. Bf4 Bg7 4. e3 O-O 5. c4 c5 6. Nc3 cxd4 7. exd4 d6 8. h3
Nbd7 9. Qd2 e5 10. dxe5 dxe5 11. Bh6 Qb6 12. Bxg7 Kxg7 13. O-O-O e4 14. Nd4 Nc5
15. Qe3 Bd7 16. Be2 a6 17. Nc2 Qc7 18. Nd5 Nxd5 19. Rxd5 Rac8 20. Qd4+ Kg8 21.
Ne3 Be6 22. Ng4 Bxg4 23. hxg4 Ne6 24. Qxe4 Qf4+ 25. Qxf4 Nxf4 26. Re5 Nxe2+ 27.
Rxe2 Rxc4+ 28. Kb1 Rxg4 29. g3 Rc4 30. b3 Rc7 31. Rd1 Rfc8 32. Red2 h5 33. Rd7
Rc2 34. Rd8+ Kg7 35. Rxc8 Rxc8 36. Rd7 Re8 37. Rd2 Re7 38. Kc1 g5 39. Kd1 Kg6
40. Rd6+ f6 41. Rd4 Re6 42. a4 b6 43. b4 f5 44. Kd2 g4 45. Rd8 f4 46. gxf4 h4
47. Rd5 Kh6 48. Rg5 Rg6 49. Re5 g3 50. fxg3 hxg3 51. Ke2 g2 52. f5 g1=Q 53.
fxg6 Qh2+ 0-1

[Event "U.S. Amateur North"]
[Site "Detroit, Mich."]
[Date "1998.05.24"]
[Round "5"]
[White "West, Tony"]
[Black "Moody, David"]
[Result "1-0"]
[WhiteElo "1631"]
[BlackElo "1930"]
[PlyCount "65"]
[EventDate "1998.05.23"]

1. e4 e5 2. Nf3 Nc6 3. Bc4 Nf6 4. Ng5 d5 5. exd5 Na5 6. Bb5+ c6 7. dxc6 bxc6 8.
Be2 h6 9. Nf3 e4 10. Ne5 Qd4 11. f4 Bc5 12. Rf1 Qd8 13. c3 Nd5 14. d4 exd3 15.
Qxd3 Qf6 16. Qg3 Bb6 17. Nd2 Ne3 18. Ne4 Nc2+ 19. Kd1 Qe7 20. Qxg7 Rf8 21. Kxc2
Bf5 22. Bd3 O-O-O 23. Qg3 f6 24. Nd6+ Rxd6 25. Bxf5+ Kb8 26. Nd3 Qe2+ 27. Bd2
Nc4 28. Qe1 Qxg2 29. Be4 Qxh2 30. Rh1 Qxd2+ 31. Qxd2 Nxd2 32. Kxd2 f5 33. Bf3
1-0

[Event "U.S. Amateur North"]
[Site "Detroit, Mich."]
[Date "1998.05.24"]
[Round "4"]
[White "Moody, David"]
[Black "Ballicora, Miguel"]
[Result "0-1"]
[WhiteElo "1930"]
[BlackElo "2057"]
[PlyCount "32"]
[EventDate "1998.05.23"]

1. e4 c5 2. d4 cxd4 3. c3 dxc3 4. Nxc3 Nc6 5. Nf3 e6 6. Bc4 Bb4 7. O-O Nge7 8.
Bf4 a6 9. Bd6 Bxd6 10. Qxd6 O-O 11. Rfd1 f6 12. b4 Ng6 13. b5 Nce5 14. Nxe5
Nxe5 15. Bxe6+ Nf7 16. b6 dxe6 0-1

[Event "Finney Quads (June)"]
[Site "Detroit, Mich."]
[Date "1998.06.06"]
[Round "3"]
[White "Sobocinski, Mike"]
[Black "Moody, David"]
[Result "0-1"]
[WhiteElo "2048"]
[BlackElo "1960"]
[PlyCount "130"]
[EventDate "1998.06.06"]

1. d4 Nf6 2. c4 g6 3. Nc3 Bg7 4. e4 d6 5. Nf3 O-O 6. Be2 e5 7. O-O Nc6 8. d5
Ne7 9. Ne1 Nd7 10. Be3 f5 11. f3 f4 12. Bf2 g5 13. Nb5 Nf6 14. Nxa7 Bd7 15. c5
dxc5 16. d6 cxd6 17. Qxd6 Rxa7 18. Bxc5 Nc8 19. Qxe5 Re8 20. Bc4+ Kh8 21. Qxg5
b6 22. Bd4 Be6 23. Bd5 Nxd5 24. Bxg7+ Rxg7 25. Qxd8 Rxd8 26. exd5 Rxd5 27. Rf2
Rgd7 28. Re2 Bf7 29. Rc1 Ne7 30. b3 Kg7 31. Rc4 Ng6 32. Rc6 Rd2 33. Kf2 Rxe2+
34. Kxe2 Ra7 35. Rc2 Ne5 36. g3 Re7 37. Kf2 Bg6 38. Rd2 fxg3+ 39. hxg3 Kf6 40.
Rd6+ Re6 41. Rxe6+ Kxe6 42. Ke3 Kd5 43. a3 Bb1 44. Ng2 Bc2 45. Nf4+ Kd6 46. b4
Nc4+ 47. Kd4 Nxa3 48. Nd3 Nb5+ 49. Kc4 Bxd3+ 50. Kxd3 Kd5 51. g4 Nd4 52. f4 b5
53. f5 Nxf5 54. gxf5 h5 55. f6 Ke6 56. Kd4 h4 57. Kc5 h3 58. Kxb5 h2 59. Ka6
h1=Q 60. b5 Qa1+ 61. Kb7 Qxf6 62. b6 Kd6 63. Kb8 Kc6 64. b7 Qa1 65. Kc8 Qh8#
0-1

[Event "Finney Quads (June)"]
[Site "Detroit, Mich."]
[Date "1998.06.06"]
[Round "2"]
[White "Schey, Danny"]
[Black "Moody, David"]
[Result "1-0"]
[WhiteElo "1736"]
[BlackElo "1960"]
[PlyCount "75"]
[EventDate "1998.06.06"]

1. e4 e5 2. Nf3 Nc6 3. Bb5 a6 4. Ba4 Nf6 5. O-O Be7 6. Qe2 b5 7. Bb3 O-O 8. c3
d5 9. d3 Bg4 10. h3 Bxf3 11. Qxf3 d4 12. Bg5 Na5 13. Bc2 c5 14. Nd2 Nxe4 15.
Nxe4 Bxg5 16. b4 cxb4 17. cxb4 Rc8 18. Nc5 Nc6 19. a3 a5 20. Rfb1 axb4 21. axb4
Nxb4 22. Nb7 Qd5 23. Qxd5 Nxd5 24. Bb3 Nc3 25. Re1 Bf6 26. Nd6 Rc7 27. Ra6 g6
28. Rea1 Kg7 29. Ra7 Rxa7 30. Rxa7 Kh6 31. Nxf7+ Kh5 32. Be6 g5 33. Bf5 h6 34.
Nxh6 e4 35. Ng4 Ne2+ 36. Kh2 Be5+ 37. Nxe5 Rxf5 38. g4+ 1-0

[Event "Finney Quads (June)"]
[Site "Detroit, Mich."]
[Date "1998.06.06"]
[Round "1"]
[White "Moody, David"]
[Black "Gentry, Bronson"]
[Result "0-1"]
[WhiteElo "1960"]
[BlackElo "1742"]
[PlyCount "80"]
[EventDate "1998.06.06"]

1. e4 c5 2. d4 cxd4 3. c3 dxc3 4. Nxc3 e6 5. Nf3 a6 6. Bc4 Nc6 7. O-O Nf6 8.
Bg5 Be7 9. e5 Ng4 10. Bxe7 Qxe7 11. Qe2 Qc5 12. Ne4 Qa5 13. Nd6+ Ke7 14. Rfe1
Ncxe5 15. Nxe5 Nxe5 16. b4 Qxb4 17. Qxe5 Qxd6 18. Qxg7 Rf8 19. Rad1 Qf4 20. Bd5
Qf5 21. Qc3 Rg8 22. Qc7 Rd8 23. Re5 Qf6 24. Be4 h6 25. Qd6+ Ke8 26. Rc5 Qe7 27.
Qb6 d5 28. Bc2 Qd6 29. Ba4+ Kf8 30. Qb4 b6 31. Qh4 bxc5 32. Qxh6+ Ke7 33. Qg5+
Kf8 34. Qh6+ Kg8 35. Qg5+ Kh8 36. Qf6+ Kg8 37. Rd3 e5 38. Rg3+ Kf8 39. Qh8+ Ke7
40. Rg8 Rxg8 0-1

[Event "Michigan Invitational"]
[Site "Ann Arbor, MI"]
[Date "1998.06.26"]
[Round "1"]
[White "Rajlich, Vasik"]
[Black "Seawald, Dennis"]
[Result "0-1"]
[WhiteElo "2295"]
[BlackElo "2280"]
[PlyCount "56"]
[EventDate "1998.??.??"]

1. e4 e6 2. d4 d5 3. Nc3 Nf6 4. Bg5 Be7 5. e5 Nfd7 6. Bxe7 Qxe7 7. Qd2 O-O 8.
f4 c5 9. Nf3 Nc6 10. O-O-O a6 11. Ne2 Nb6 12. b3 c4 13. Kb1 Bd7 14. Ng3 Rfc8
15. h4 a5 16. Rh3 cxb3 17. cxb3 a4 18. Nh5 axb3 19. axb3 Ra3 20. Qb2 Rca8 21.
Ne1 Nb4 22. Rg3 Qxh4 23. Rxg7+ Kh8 24. g4 Ra2 25. Qxa2 Rxa2 26. Rxf7 Kg8 27.
Rg7+ Kf8 28. Rxh7 Qf2 0-1

[Event "Michigan Invitational"]
[Site "Ann Arbor, MI"]
[Date "1998.06.26"]
[Round "1"]
[White "Lin, A."]
[Black "Kamberi, Sonny"]
[Result "0-1"]
[WhiteElo "2235"]
[BlackElo "2270"]
[PlyCount "70"]
[EventDate "1998.??.??"]

1. Nf3 Nf6 2. g3 g6 3. Bg2 Bg7 4. O-O O-O 5. d3 d6 6. c3 c5 7. Nbd2 Nc6 8. Rb1
a5 9. e4 Rb8 10. Re1 b5 11. a3 b4 12. axb4 axb4 13. c4 Bg4 14. h3 Bd7 15. Nf1
Ra8 16. Ne3 Ra2 17. b3 Qc8 18. g4 h5 19. g5 Ne8 20. h4 Nc7 21. Re2 Rxe2 22.
Qxe2 Bg4 23. Bb2 Bxb2 24. Qxb2 Bxf3 25. Bxf3 Qh3 26. Bg2 Qxh4 27. Nd5 Nxd5 28.
exd5 Nd4 29. Qd2 Ra8 30. Re1 Nxb3 31. Qb2 Nd4 32. Rxe7 b3 33. Qd2 Ra1+ 34. Bf1
b2 35. Qc3 Ne2+ 0-1

[Event "Michigan Invitational"]
[Site "Ann Arbor, MI"]
[Date "1998.06.27"]
[Round "3"]
[White "Ward, Tom"]
[Black "Lin, A."]
[Result "1/2-1/2"]
[WhiteElo "2210"]
[BlackElo "2235"]
[PlyCount "49"]
[EventDate "1998.??.??"]

1. e4 Nc6 2. d4 d6 3. Nc3 Nf6 4. h3 g6 5. Bg5 Bg7 6. Nf3 O-O 7. Qd2 Re8 8.
O-O-O a6 9. Bh6 Bh8 10. Qf4 Nh5 11. Qh4 e6 12. Bg5 Bf6 13. Bxf6 Qxf6 14. Qxf6
Nxf6 15. e5 dxe5 16. Nxe5 Ne7 17. Be2 b6 18. Bf3 Ra7 19. Ne4 Nxe4 20. Bxe4 Bb7
21. Rhe1 Rd8 22. Bxb7 Rxb7 23. c3 b5 24. Nd3 Rb6 25. Kc2 1/2-1/2

[Event "Michigan Invitational"]
[Site "Ann Arbor, MI"]
[Date "1998.06.27"]
[Round "2"]
[White "Ward, Tom"]
[Black "Kamberi, Sonny"]
[Result "1-0"]
[WhiteElo "2210"]
[BlackElo "2270"]
[PlyCount "81"]
[EventDate "1998.??.??"]

1. e4 e5 2. Bc4 Nf6 3. Qe2 Bc5 4. Nf3 Nc6 5. c3 d6 6. d3 Be6 7. Nbd2 a6 8. O-O
O-O 9. Nb3 Ba7 10. Bg5 h6 11. Be3 Ne7 12. Bxa7 Rxa7 13. d4 Bxc4 14. Qxc4 Ng6
15. dxe5 dxe5 16. Rad1 Qc8 17. Nc5 Re8 18. Rfe1 Ra8 19. Nd3 Nh5 20. h3 Nhf4 21.
Nxf4 Nxf4 22. Rd2 Re6 23. Red1 Rg6 24. Rd7 Rxg2+ 25. Kf1 Qe8 26. Rxc7 Kh8 27.
Rdd7 f6 28. Qf7 Qxf7 29. Rxf7 Rd8 30. Rfd7 Rxd7 31. Rxd7 h5 32. h4 g5 33. hxg5
fxg5 34. Rf7 Rg4 35. Nxe5 Rh4 36. Rxf4 Rxf4 37. Ng6+ Kg7 38. Nxf4 gxf4 39. f3
Kf6 40. Kg2 Kg5 41. Kh3 1-0

[Event "Michigan Invitational"]
[Site "Ann Arbor, MI"]
[Date "1998.06.27"]
[Round "2"]
[White "Lin, A."]
[Black "Rajlich, Vasik"]
[Result "1-0"]
[WhiteElo "2235"]
[BlackElo "2295"]
[PlyCount "89"]
[EventDate "1998.??.??"]

1. d4 Nf6 2. Nf3 g6 3. c4 Bg7 4. Nc3 O-O 5. e4 d6 6. Be2 e5 7. dxe5 dxe5 8. Bg5
Qxd1+ 9. Rxd1 Na6 10. O-O Re8 11. Bd3 c6 12. a3 Bg4 13. b4 Bxf3 14. gxf3 Nh5
15. c5 Nc7 16. Bc4 Bf6 17. Rd7 Bxg5 18. Bxf7+ Kf8 19. Bxe8 Nxe8 20. Rxb7 Be7
21. Na4 Nf4 22. Rd1 Nf6 23. Kf1 Ne6 24. Nb2 Nd8 25. Rc7 Ne8 26. Rcd7 a5 27. Nc4
axb4 28. axb4 Nf7 29. Nb6 Ra2 30. R7d2 Rxd2 31. Rxd2 Nc7 32. Ra2 Nb5 33. Ra8+
Kg7 34. Nd7 Bg5 35. Kg2 Bd2 36. Ra6 Nd4 37. b5 cxb5 38. c6 Ne6 39. Ra7 Kh6 40.
c7 Nxc7 41. Rxc7 b4 42. Nf6 Nd6 43. h4 g5 44. Ng4+ Kg6 45. Rc6 1-0

[Event "Michigan Invitational"]
[Site "Ann Arbor, MI"]
[Date "1998.06.27"]
[Round "3"]
[White "Kamberi, Sonny"]
[Black "Seawald, Dennis"]
[Result "1-0"]
[WhiteElo "2270"]
[BlackElo "2280"]
[PlyCount "79"]
[EventDate "1998.??.??"]

1. d4 Nf6 2. c4 e6 3. g3 Bb4+ 4. Nd2 O-O 5. Bg2 d5 6. Ngf3 Re8 7. O-O Nbd7 8.
a3 Bf8 9. b4 a5 10. b5 c5 11. cxd5 exd5 12. Bb2 h6 13. h3 Ne4 14. e3 Ndf6 15.
Ne5 c4 16. Nxe4 Nxe4 17. a4 Bf5 18. g4 Bh7 19. f3 Ng3 20. Rf2 f6 21. Kh2 fxe5
22. Kxg3 c3 23. Bc1 Be7 24. Kh2 Bh4 25. Rf1 c2 26. Qd2 exd4 27. exd4 Qc7+ 28.
f4 Qc4 29. f5 Bd8 30. Qf2 Re2 31. Bxd5+ Qxd5 32. Qxe2 Bc7+ 33. Bf4 Bxf4+ 34.
Rxf4 Rc8 35. Rc1 Kf8 36. Rxc2 Re8 37. Qf2 Bg8 38. Re2 Rd8 39. Qe3 Qd6 40. Qe5 {
(Time)} 1-0

[Event "Michigan Invitational"]
[Site "Ann Arbor, MI"]
[Date "1998.06.28"]
[Round "5"]
[White "Ward, Tom"]
[Black "Rajlich, Vasik"]
[Result "0-1"]
[WhiteElo "2210"]
[BlackElo "2295"]
[PlyCount "136"]
[EventDate "1998.??.??"]

1. e4 c5 2. Nf3 d6 3. d4 cxd4 4. Nxd4 Nf6 5. Nc3 g6 6. Be3 Bg7 7. f3 O-O 8. Qd2
Nc6 9. O-O-O d5 10. Kb1 Nxd4 11. e5 Nf5 12. exf6 Bxf6 13. Nxd5 Qxd5 14. Qxd5
Nxe3 15. Qd2 Nxd1 16. Qxd1 Be6 17. Bd3 Rfd8 18. Qe2 Rd4 19. g4 Rb4 20. b3 a5
21. Qd2 Rc8 22. a3 Bc3 23. Qe3 Rd4 24. Bc4 Rdxc4 25. bxc4 Rxc4 26. Rd1 b5 27.
Qh6 Rc8 28. Qg5 b4 29. axb4 Bxb4 30. Qb5 Bc4 31. Qb6 Rc5 32. Rd8+ Kg7 33. c3
Ba3 34. Kc2 f6 35. f4 a4 36. Kd2 Rb5 37. Qd4 Bb3 38. g5 Rf5 39. gxf6+ Rxf6 40.
Rd7 Bd6 41. c4 Bxf4+ 42. Kc3 Kf7 43. Qd5+ Re6 44. Rd8 Be5+ 45. Kb4 Bd6+ 46. Kc3
Be5+ 47. Kb4 Bd6+ 48. Kc3 Bxh2 49. Rf8+ Kxf8 50. Qxe6 Bd6 51. Qc8+ Kf7 52. c5
Be5+ 53. Kb4 h5 54. Qd8 h4 55. Qd7 Bg3 56. Qg4 Kf6 57. c6 g5 58. Qd4+ Be5 59.
Qg4 Bd6+ 60. Kb5 Bf4 61. Kb4 Bd5 62. Qh5 Bd6+ 63. Kxa4 Bxc6+ 64. Kb3 Bg2 65.
Qg4 h3 66. Kc3 Bf4 67. Kd3 Bf1+ 68. Ke4 h2 0-1

[Event "Michigan Invitational"]
[Site "Ann Arbor, MI"]
[Date "1998.06.28"]
[Round "4"]
[White "Seawald, Dennis"]
[Black "Ward, Tom"]
[Result "0-1"]
[WhiteElo "2280"]
[BlackElo "2210"]
[PlyCount "80"]
[EventDate "1998.??.??"]

1. c4 e5 2. Nc3 Nc6 3. g3 g6 4. Bg2 Bg7 5. e3 d6 6. Nge2 Nf6 7. d3 O-O 8. O-O
a5 9. h3 Ne7 10. e4 Be6 11. b3 Qd7 12. Kh2 Nc6 13. Bb2 Nh5 14. f4 exf4 15. gxf4
f5 16. d4 Bf7 17. Qd2 fxe4 18. Bxe4 Nf6 19. Bg2 d5 20. c5 Ne7 21. Ng3 Nf5 22.
Nce2 Rfe8 23. Nxf5 gxf5 24. Rg1 Kh8 25. Ng3 Bh6 26. Rae1 c6 27. Re5 Ne4 28.
Bxe4 fxe4 29. Nxe4 Re6 30. Nd6 Rf6 31. Rf1 Bg6 32. Bc1 Raf8 33. Qxa5 Bd3 34.
Rf2 Rg8 35. Qe1 Qg7 36. Re3 Bxf4+ 37. Kh1 Bxe3 38. Bxe3 Rxd6 39. Bf4 Be4+ 40.
Kh2 Re6 0-1

[Event "Michigan Invitational"]
[Site "Ann Arbor, MI"]
[Date "1998.06.28"]
[Round "5"]
[White "Lin, A."]
[Black "Seawald, Dennis"]
[Result "0-1"]
[WhiteElo "2235"]
[BlackElo "2280"]
[PlyCount "68"]
[EventDate "1998.??.??"]

1. d4 Nf6 2. c4 e6 3. Nf3 Bb4+ 4. Bd2 Qe7 5. Qa4 Nc6 6. a3 Bxd2+ 7. Nbxd2 O-O
8. e3 d6 9. Be2 Bd7 10. Qc2 a5 11. O-O a4 12. Rac1 e5 13. d5 Nb8 14. h3 Na6 15.
Bd3 g6 16. Rfd1 Nc5 17. Bf1 Bf5 18. Qc3 c6 19. Nh4 Bd7 20. Ndf3 Nfe4 21. Qc2 g5
22. dxc6 bxc6 23. Bd3 f5 24. Bxe4 fxe4 25. Nd2 gxh4 26. Nxe4 Bf5 27. f3 Rf7 28.
Qe2 Nxe4 29. fxe4 Bxe4 30. Qg4+ Bg6 31. Rd2 Raf8 32. c5 d5 33. Qxa4 Qg5 34. Re2
Bd3 0-1

[Event "Michigan Invitational"]
[Site "Ann Arbor, MI"]
[Date "1998.06.28"]
[Round "4"]
[White "Kamberi, Sonny"]
[Black "Rajlich, Vasik"]
[Result "1-0"]
[WhiteElo "2270"]
[BlackElo "2295"]
[PlyCount "53"]
[EventDate "1998.??.??"]

1. d4 Nf6 2. c4 c5 3. d5 e6 4. Nc3 exd5 5. cxd5 d6 6. e4 g6 7. f4 Bg7 8. Nf3
O-O 9. Be2 Re8 10. e5 dxe5 11. fxe5 Ng4 12. Bg5 Qb6 13. O-O Qxb2 14. Nb5 Bxe5
15. Rb1 Qxa2 16. Nxe5 Rxe5 17. Nc3 Qxb1 18. Qxb1 Rxg5 19. h4 Re5 20. Bxg4 f5
21. Bf3 a6 22. Qb6 Nd7 23. Qd8+ Kf7 24. d6 Re8 25. Bd5+ Kf8 26. Qg5 Kg7 27.
Rxf5 1-0

[Event "Lansing July Mini-Swiss.1"]
[Site "Lansing, MI"]
[Date "1998.07.12"]
[Round "3.3"]
[White "June, Brian"]
[Black "Aldrich, Jeff"]
[Result "0-1"]
[WhiteElo "1778"]
[BlackElo "2013"]
[PlyCount "50"]
[EventDate "1998.07.12"]

1. d4 d5 2. Nf3 Nf6 3. c4 c6 4. Nc3 e6 5. e3 Nbd7 6. Be2 dxc4 7. Bxc4 b5 8. Bb3
Bb7 9. O-O b4 10. Na4 Ne4 11. Bd2 a5 12. Rc1 c5 13. dxc5 Ndxc5 14. Nxc5 Nxc5
15. Rc2 Bd6 16. Bc4 O-O 17. Bc1 Qe7 18. Nd4 Rfd8 19. Qg4 Qf6 20. Bb5 Rac8 21.
Rd2 Ne4 22. Rdd1 Bb8 23. Bd3 Qh6 24. Nf3 Nc5 25. Be2 Bxf3 0-1